Countries and Capital that free from S,T,E,W,A,R,T - Statistics

General Stats
  • This quiz has been taken 16 times
    15 since last reset
  • The average score is 2 of 5
Answer Stats
Stewart % Correct
Fiji
77%
Dili
46%
London
46%
Dublin
31%
Kyiv
8%
No matching quizzes found
Score Distribution
Percent of People with Each Score
Percentile by Number Answered
Your Score History
You have not taken this quiz since the last reset